| 000 | 01101 a2200277 4500 | ||
|---|---|---|---|
| 999 |
_c11126 _d11126 |
||
| 020 | _a9780120884650 (hardcover : alk. paper) | ||
| 020 | _a0120884658 (hardcover : alk. paper) | ||
| 050 | 0 | 0 |
_aQP251 _bMAD 2005 |
| 100 | 1 |
_aMarder, Sylvia S. _d1940- _eauthor |
|
| 245 | 1 | 0 |
_aHuman reproductive biology / _cSylvia S. Mader |
| 250 | _aThird edition | ||
| 264 |
_aBoston : _bLearning Solutions, _c2005 |
||
| 300 |
_a230 pages _billustrations(some coloured) |
||
| 336 |
_2rdacontent _atext _btxt |
||
| 337 |
_2rdamedia _aunmediated _bn |
||
| 338 |
_2rdacarrier _avolume _bnc |
||
| 504 | _aIncludes bibliographical references and index. | ||
| 650 | 0 | _aHuman reproduction. | |
| 650 | 0 | _aSex. | |
| 650 | 1 | 2 |
_aReproduction _xphysiology. |
| 650 | 2 | 2 | _aSexual Behavior. |
| 856 | 4 | 1 |
_3Table of contents only _uhttp://www.loc.gov/catdir/toc/ecip0518/2005024432.html |
| 856 | 4 | 2 |
_3Publisher description _uhttp://www.loc.gov/catdir/enhancements/fy0623/2005024432-d.html |
| 942 |
_2lcc _cBK _h251 _iMAD _kQP |
||